Catalog

Record Details

Catalog Search



Besitz und Armut  Cover Image Book Book

Besitz und Armut / Unter Mitarbeit von H. Balz ... [et al.]

Balz, Horst, 1937- (Added Author).

Record details

  • ISBN: 3-466-36190-7
  • ISBN: 3-525-61474-8
  • Physical Description: 173 s. ; 21 cm
  • Publisher: München ; Vandenhoeck & Ruprecht : 1986
Subject: etika
Etika filozofická
Teologie morální
Genre: monografie

Available copies

  • 1 of 1 copy available at Common Catalog SPOK.

Holds

  • 0 current holds with 1 total copy.
Show Only Available Copies
Location Call Number / Copy Notes Barcode Shelving Location Status Due Date
Jabok Library RE-2.2 424480013601 Odborná literatura Available -

LDR 00991nam a2200265ua 4500
001695
003CZ-PrJAB
00520190306111646.0
008980810s1986 gw e u||| | ger
020 . ‡a3-466-36190-7 ‡q(Kösel (Brož.))
020 . ‡a3-525-61474-8 ‡q(Vandenhoeck u. Ruprecht (Brož.))
035 . ‡a(CZ PrSKC)000106796
040 . ‡aCBD005 ‡bcze
24500. ‡aBesitz und Armut / ‡cUnter Mitarbeit von H. Balz ... [et al.]
260 . ‡aMünchen ; ‡aGöttingen : ‡bVandenhoeck & Ruprecht : ‡bKösel, ‡c1986
300 . ‡a173 s. ; ‡c21 cm
4901 . ‡aEthik der Religionen - Lehre und Leben [Kösel : Vandenhoeck u. Ruprecht, die Reihe] ; ‡vSv. 4
65007. ‡aetika ‡7ph114488 ‡2czenas
65004. ‡aEtika filozofická
65004. ‡aTeologie morální
655 7. ‡amonografie ‡7fd132842 ‡2czenas
7001 . ‡aBalz, Horst, ‡d1937- ‡7jo2007376768
830 0. ‡aEthik der Religionen - Lehre und Leben [Kösel : Vandenhoeck u. Ruprecht, die Reihe] ; ‡vSv. 4
910 . ‡aABG312
995 . ‡aska
901 . ‡a695 ‡bUnknown ‡c695 ‡tbiblio

Additional Resources